000 00638nam a2200229Ia 4500
003 OSt
005 20220924122235.0
006 a|||||r|||| 00| 0
007 ta
008 220923b |||||||| |||| 00| 0 urd d
024 _a284647
037 _cTextual
040 _aARTS
_cARTS
_burd
041 _2urd
_aurd
082 _aO168,6x, K9
100 _aSayeed Hakeem Mohammad Au.
_9188861
245 0 _aMaqalat-e-sham-e-humdard
260 _aLahore
_bMaktaba jadeed Pakistan
_c1969
650 _aURDU PROSE
_926866
942 _hO168,6x, K9
_cTEXL
_2CC
999 _c410888
_d410888